|
|
|
|
| LEADER |
01115cam a2200277 7i4500 |
| 001 |
0000082098 |
| 005 |
20240429090000.0 |
| 020 |
|
|
|a 9783031234361 (electronic book)
|
| 090 |
0 |
0 |
|a PN1995.9.N37
|b G77 2023
|
| 100 |
1 |
|
|a Gallagher, Richard
|
| 245 |
1 |
0 |
|a Screening Ulster :
|b cinema and the Unionists
|c Richard Gallagher.
|
| 264 |
|
|
|a Cham, Switzerland:
|b Palgrave Macmillan,
|c 2023.
|
| 300 |
|
|
|a 1 online resource (ix, 194 pages):
|b text file, PDF.
|
| 336 |
|
|
|a text
|2 rdacontent
|
| 337 |
|
|
|a computer
|2 rdamedia
|
| 338 |
|
|
|a online resource
|2 rdacarrier
|
| 650 |
|
0 |
|a Nationalism in motion pictures
|
| 650 |
|
0 |
|a Unionism (Irish politics)
|
| 651 |
|
0 |
|a Northern Ireland --
|x In motion pictures
|
| 651 |
|
0 |
|a Ulster (Northern Ireland and Ireland) --
|x In motion pictures
|
| 651 |
|
0 |
|a Northern Ireland --
|x Politics and government
|
| 655 |
|
0 |
|a Electronic books
|
| 856 |
4 |
2 |
|u http://library.unisel.edu.my/web/guest/mylibrary
|
| 997 |
|
|
|a Communication, Visual Art & Computing, Faculty
|b Visual Art, Department
|
| 998 |
|
|
|a Film and Animation, Degree
|
| 999 |
|
|
|a EBO0022869
|b EBOOK
|c EBOOK
|e Electronic resources
|